Employee education system in the enterprise
Problematika vzdelávania v poisťovníctve je charakterizovaná návratom k súťažným podmienkam na poistnom trhu. Zlepšenie poisťovacích služieb si vyžaduje adaptáciu na nové pracovné prostredie a pracovné podmienky.
Gespeichert in:
| 1. Verfasser: | |
|---|---|
| Weitere Verfasser: | |
| Format: | Buchkapitel |
| Sprache: | Englisch |
| Schlagworte: | |
| Tags: |
Keine Tags, Fügen Sie das erste Tag hinzu!
|
MARC
| LEADER | 00000nla a2200000 4500 | ||
|---|---|---|---|
| 001 | 0227248 | ||
| 005 | 20240502073739.1 | ||
| 041 | 0 | |a eng | |
| 044 | |a SK | ||
| 245 | 1 | 0 | |a Employee education system in the enterprise |c Zuzana Nižníková, Slavomír Labant |
| 520 | |a Problematika vzdelávania v poisťovníctve je charakterizovaná návratom k súťažným podmienkam na poistnom trhu. Zlepšenie poisťovacích služieb si vyžaduje adaptáciu na nové pracovné prostredie a pracovné podmienky. | ||
| 610 | 2 | 0 | |a vzdelávanie ďalšie |
| 610 | 2 | 0 | |a rozvoj pracovníkov |
| 610 | 2 | 0 | |a školenie odborné |
| 610 | 2 | 0 | |a zvyšovanie kvalifikácie |
| 610 | 2 | 0 | |a podmienky pracovné |
| 610 | 2 | 0 | |a poisťovníctvo |
| 100 | 1 | |a Nižníková, Zuzana, 1986- | |
| 700 | 1 | |a Labant, Slavomír | |